005160000a22001210004500090001700000245015700017041001400174700003500188100003700223942001300260773010400273999001700377 aASbSeriadas10aContenidos de CD, CU y ZN en Rhizophora Mangle y Avicennia germinans de la Ciénaga Grande de Santa Marta y bahía de Chengue, Costa Caribe colombiana0 aEspañol1 aGallo, María Cristina9990901 aCampos, Néstor Hernando935666 cARTICULO1 tRevista de la Academia Colombiana de Ciencias Exactas, Fisicas y Naturales332h79q73-90d1997g21 c14051d14051